000 00418nam a2200169Ia 4500
008 230718s9999 xx 000 0 und d
041 _aeng
082 _a005.4
_bMUK
100 _aMukhis V.
245 _aWonders Of Power Builder 3.0 The Basics
250 _aREVISE
260 _c1994
_bVision Books
300 _a268
365 _cRs.
_b145.00
700 _aMukhis V.
906 _dB:339611-Mar-1995
_cCOMP
_b21.75
999 _c293450
_d293450